| 000 | 00577nam a2200133 a 4500 | ||
|---|---|---|---|
| 008 | 120416s9999 ||||||||||||||||| || u | ||
| 050 | _aPAPERS/STAFF | ||
| 100 | _aChiwala, Abednigo | ||
| 245 | 1 | 0 | _aUse of distance and open education as an intervention in an existing problem |
| 246 | _athe case of distance learning education programme for teachers, (DLEPT) at the Copperbelt University | ||
| 260 | _a2003 | ||
| 350 | _a0.00 | ||
| 995 |
_D0.00 _FCBU-MAIN LIBRARY (Kitwe) _H1 _I0.00 _M1 _UAVAILABLE _ZUniversity Collection |
||
| 999 |
_c61111 _d61111 |
||